His original adventure! / (Record no. 32599)

MARC details
000 -LEADER
fixed length control field 02829nam a2200385 a 4500
005 - DATE AND TIME OF LATEST TRANSACTION
control field 20091212103048.0
008 - FIXED-LENGTH DATA ELEMENTS--GENERAL INFORMATION
fixed length control field 060711r20081994mnua j 000 1 eng
010 ## - LCCN (DPL NO)
LC control number B-385829-840
020 ## - INTERNATIONAL STANDARD BOOK NUMBER
International Standard Book Number 9780060097912
Terms of availability 158.00
035 ## - SYSTEM CONTROL NUMBER
System control number B-385829-840
037 ## - SOURCE OF ACQUISITION
Source of stock number/acquisition Blueberry Books
040 ## - CATALOGING SOURCE
Original cataloging agency dpl
Language of cataloging English
082 ## - DEWEY DECIMAL CLASSIFICATION NUMBER
Classification number S
100 ## - MAIN ENTRY--PERSONAL NAME
Personal name Brown, Jeff
245 ## - TITLE STATEMENT
Title His original adventure! /
Statement of responsibility, etc by Jeff Brown; pictures by Macky Pamintuan
260 ## - PUBLICATION, DISTRIBUTION, ETC. (IMPRINT)
Place of publication, distribution, etc New York
Name of publisher, distributor, etc Harper Collines Publishers
Date of publication, distribution, etc 2009
270 ## - ADDRESS
Address 53rd Street
City New York
Postal code 10022
300 ## - PHYSICAL DESCRIPTION
Extent 72, 5p. :
Dimensions 19cm(pbk)
Other physical details ill.
490 ## - SERIES STATEMENT
Series statement Flat Stanley
700 ## - ADDED ENTRY--PERSONAL NAME
Personal name Pamintuan , Macky
942 ## - ADDED ENTRY ELEMENTS (KOHA)
Source of classification or shelving scheme Dewey Decimal Classification
Item type Children Books
Classification part S
Call number suffix BRO
Holdings
Withdrawn status Lost status Source of classification or shelving scheme Damaged status Not for loan Collection code Home library Current library Date acquired Source of acquisition Cost, normal purchase price Total Checkouts Full call number Barcode Date last seen Copy number Cost, replacement price Koha item type
Withdrawn   Dewey Decimal Classification     Fiction Andrews Gunj Andrews Gunj 17/07/2010 Blueberry Books/5571/27.3.10/157/27.1.10/27.3.10 158.00   S BRO B-385834 17/07/2010 1 158.00 Children Books
    Dewey Decimal Classification     Fiction Bawana Bawana 17/07/2010 Blueberry Books/5571/27.3.10/157/27.1.10/27.3.10 158.00   S BRO B-385839 17/07/2010 1 158.00 Children Books
    Dewey Decimal Classification     Fiction Central Library Central Library 17/07/2010 Blueberry Books/5571/27.3.10/157/27.1.10/27.3.10 158.00   S BRO B-385829 17/07/2010 1 158.00 Children Books
    Dewey Decimal Classification     Fiction Janak Puri Janak Puri 17/07/2010 Blueberry Books/5571/27.3.10/157/27.1.10/27.3.10 158.00 9 S BRO B-385831 12/01/2015 1 158.00 Children Books
    Dewey Decimal Classification     Fiction Karol Bagh Karol Bagh 17/07/2010 Blueberry Books/5571/27.3.10/157/27.1.10/27.3.10 158.00   S BRO B-385837 17/07/2010 1 158.00 Children Books
    Dewey Decimal Classification     Fiction Narela Narela 17/07/2010 Blueberry Books/5571/27.3.10/157/27.1.10/27.3.10 158.00   S BRO B-385838 17/07/2010 1 158.00 Children Books
    Dewey Decimal Classification     Fiction Patel Nagar Patel Nagar 17/07/2010 Blueberry Books/5571/27.3.10/157/27.1.10/27.3.10 158.00   S BRO B-385830 17/07/2010 1 158.00 Children Books
    Dewey Decimal Classification     Fiction R.K.Puram-8 R.K.Puram-8 17/07/2010 Blueberry Books/5571/27.3.10/157/27.1.10/27.3.10 158.00   S BRO B-385833 17/07/2010 1 158.00 Children Books
    Dewey Decimal Classification     Fiction Sarojini Nagar Sarojini Nagar 17/07/2010 Blueberry Books/5571/27.3.10/157/27.1.10/27.3.10 158.00   S BRO B-385832 17/07/2010 1 158.00 Children Books
    Dewey Decimal Classification     Fiction Shahdara Branch Shahdara Branch 17/07/2010 Blueberry Books/5571/27.3.10/157/27.1.10/27.3.10 158.00   S BRO B-385840 17/07/2010 1 158.00 Children Books
  Written-off vide DLB M. No. 383 dt 16.05.19 Dewey Decimal Classification     Fiction Sriniwas Puri Sriniwas Puri 17/07/2010 Blueberry Books/5571/27.3.10/157/27.1.10/27.3.10 158.00   S BRO B-385835 17/07/2010 1 158.00 Children Books
    Dewey Decimal Classification     Fiction Vinoba Puri Vinoba Puri 17/07/2010 Blueberry Books/5571/27.3.10/157/27.1.10/27.3.10 158.00 1 S BRO B-385836 05/10/2012 1 158.00 Children Books

© Delhi Public Library
Hit Counter
free hit counter